01135nac a22002771i 4500003000900000005001700009008004100026020001500067040004300082082001900125100004400144245016100188264006000349300002300409336002600432337002800458338002700486504005200513650003100565655001700596700003200613700003900645942001200684999001500696952014600711EG-ScBUE20241111154101.0241111s2004 ii f b 001 0 eng d a8122415342 aEG-ScBUEbengerdacEG-ScBUEdEG-ScBUE04a519.4bJAI2221 aJain, M. K., eauthor.10aNumerical methods :bProblems and solutions /cM.K. Jain, S.R.K. Iyengar, R.K. Jain, Department of Mathematics, Indian Institute of Technology Delhi, India. 1aNew Dewlhi :bNew Age International publishers, c2004. a421 pages ;c26 cm 2rdacontentatextbtxt aunmediated2rdamediabn avolumebnc2rdacarrier aIncludes bibliographical references and index.  7aNumerical analysis.2BUEsh vReading book1 aIyengar, S. R. K.,eauthor.1 aJain, Rajendra K.,d1951-eauthor. cBB2ddc c6311d6311 00102ddc40708AlahramaMAINbMAINc1STd2007-11-21ePurchasel3m14o519.4 JAIp000007367r2025-07-15 00:00:00s2021-08-21w2007-11-21yBB